ბათუმის შოთა რუსთაველის სახელმწიფო უნივერსიტეტის ბიბლიოთეკა

Русская драматургия конца XX-начала XXI Век (ბიბ.ჩანაწერი № 35055)

000 -LEADER
fixed length control field 00686nam a2200253Ia 4500
001 - CONTROL NUMBER
control field 895
003 - CONTROL NUMBER IDENTIFIER
control field GE_BSU
008 - FIXED-LENGTH DATA ELEMENTS--GENERAL INFORMATION
fixed length control field 181216s||||||||xx |||||||||||||| ||und||
020 ## - INTERNATIONAL STANDARD BOOK NUMBER
International Standard Book Number 5893497775
040 ## - CATALOGING SOURCE
Transcribing agency GE_BSU
080 ## - UNIVERSAL DECIMAL CLASSIFICATION NUMBER
Universal Decimal Classification number 821.161.1(075.8)
100 ## - MAIN ENTRY--PERSONAL NAME
Personal name Громова,М.И.
245 ## - TITLE STATEMENT
Title Русская драматургия конца XX-начала XXI Век
245 ## - TITLE STATEMENT
Remainder of title Учебное пособие 2-е изд.испр.
250 ## - EDITION STATEMENT
Edition statement 2-е изд.испр.
260 ## - PUBLICATION, DISTRIBUTION, ETC.
Place of publication, distribution, etc. Москва
260 ## - PUBLICATION, DISTRIBUTION, ETC.
Name of publisher, distributor, etc. Флинта
260 ## - PUBLICATION, DISTRIBUTION, ETC.
Date of publication, distribution, etc. 2006
300 ## - PHYSICAL DESCRIPTION
Extent 368 с.
300 ## - PHYSICAL DESCRIPTION
Other physical details Илл.
653 ## - INDEX TERM--UNCONTROLLED
Uncontrolled term Русская драматургия
942 ## - ADDED ENTRY ELEMENTS (KOHA)
Koha item type წიგნი
ეგზემპლარები
Withdrawn status Lost status Damaged status Not for loan Date acquired Barcode Date last seen Price effective from Koha item type
        2018-12-17 1720 2018-12-17 2018-12-17 წიგნი